Druhy a formy cestovného ruchu a ich uplatnenie v Dolnopovažskom regióne bakalárska práca

Gespeichert in:
Bibliographische Detailangaben
1. Verfasser: Mašánová, Adriana
Körperschaft: Obchodná fakulta EU. Katedra služieb a cestovného ruchu - zrušené
Weitere Verfasser: Trefil, Peter
Format: Buch
Sprache:Slowakisch
Veröffentlicht: Bratislava 2009
Tags: Tag hinzufügen
Keine Tags, Fügen Sie das erste Tag hinzu!

MARC

LEADER 00000nam$a2200000$$$4500
001 0102821
005 20240318140118.7
041 0 |a slo 
044 |a SK 
245 1 0 |a Druhy a formy cestovného ruchu a ich uplatnenie v Dolnopovažskom regióne  |b bakalárska práca  |c Adriana Mašánová ; škol. Peter Trefil 
264 1 |a Bratislava  |c 2009 
300 |a 57 s. 
100 1 |a Mašánová, Adriana 
700 1 |a Trefil, Peter 
710 2 |a Obchodná fakulta EU. Katedra služieb a cestovného ruchu - zrušené